| 000 -LEADER |
| fixed length control field |
00786nam a2200193 a 4500 |
| 020 ## - INTERNATIONAL STANDARD BOOK NUMBER |
| ISBN |
0444863664 (Elsevier Sci. Pub. Co. : pbk.) |
| 040 ## - CATALOGING SOURCE |
| Transcribing agency |
DLC |
| 082 00 - DEWEY DECIMAL CLASSIFICATION NUMBER |
| Classification number |
511 NOR 1982 A025 Or. |
| 245 00 - TITLE STATEMENT |
| Title |
Bonn Workshop on Combinatorial Optimization / |
| 260 ## - PUBLICATION, DISTRIBUTION, ETC. (IMPRINT) |
| Place of publication |
Amsterdam ; |
| -- |
New York : |
| Name of publisher |
North-Holland Pub. Co. ; |
| Place of publication |
New York, N.Y. : |
| Name of publisher |
Sole distributors for the U.S.A. and Canada, Elsevier Science Pub. Co., |
| Year of publication |
1982. |
| 300 ## - PHYSICAL DESCRIPTION |
| Number of Pages |
ix, 312 p. : |
| Other physical details |
ill. ; |
| Dimensions |
24 cm. |
| 500 ## - GENERAL NOTE |
| General note |
"Based on lectures presented at the IV. Bonn Workshop on Combinatorial Optimazation, August 28-30, 1980." |
| 650 #0 - SUBJECT ADDED ENTRY--TOPICAL TERM |
| Topical Term |
Combinatorial optimization |
| 700 1# - ADDED ENTRY--PERSONAL NAME |
| Personal name |
Bachem, A. |
| 700 1# - ADDED ENTRY--PERSONAL NAME |
| Personal name |
Grötschel, Martin. |
| 700 1# - ADDED ENTRY--PERSONAL NAME |
| Personal name |
Korte, B. H. |
| 710 2# - ADDED ENTRY--CORPORATE NAME |
| Corporate name or jurisdiction name as entry element |
Bonn Workshop on Combinatorial Optimization (1980) |
| 942 ## - ADDED ENTRY ELEMENTS (KOHA) |
| Koha item type |
សៀវភៅភាសាអង់គ្លេស |
| 952 ## - LOCATION AND ITEM INFORMATION (KOHA) |
| Withdrawn status [LOCAL, KOHA] |
0 |